=LDR 00000nam 2200000 4500 =001 INLIS000000000027623 =005 20130612130001 =008 ***********************************ind** =035 ##$$0010-061300000027623 =041 ##$$a ind =082 ##$$a 327.127 3 =090 ##$$a 327.127 3, OLT d =100 ##$$a Oltmans, Willem =245 ##$$a Di balik keterlibatan CIA, Bung Karno dikhianati ?, Willem Oltmans =260 ##$$a 2001 $b Jakarta =300 ##$$a xi, 278 hlm., 21 cm =650 ##$$a Central Ingelligence Agency =850 ##$$a NBPNMAT =990 ##$$a 0001/BPAP-NTB/20142015 =990 ##$$a 0001/BPAP-NTB/2016